000 00883nam a2200253Ia 4500
003 OSt
005 20220923211534.0
006 a|||||r|||| 00| 0
007 ta
008 Pun
020 _a9789382455127 (hbk)
_c500
024 _a284,992
037 _b940, 27/03/2015, H.K. Prakashan
_cTextual
040 _aARTS
_cARTS
_bPun
041 _2Pun
_aPun
082 _aO168(Y15),3xN, 153Q3
100 _aਸਿੰਘ, ਰਵੇਲ, ਥਦ.
245 0 _aਸਮਕਾਲੀਨ ਉਰਦੂ ਕਹਾਣੀ
_b ਨਾਰੀ ਲੇਖਿਕਾਵਾਂ ਦੁਆਰਾ
260 _aਦਿੱਲੀ
_b ਪੰਜਾਬੀ ਅਕਾਦਮੀ
_c2013
300 _a182ਪੰ
_ccm.
650 _aਉਰਦੂ ਸਾਹਿਤ
942 _hO168(Y15),3xN, 153Q3
_cTEXL
_2CC
999 _c300585
_d300585